LEADER 01564oam 2200409M 450 001 9910716281403321 005 20200213071019.7 035 $a(CKB)5470000002519308 035 $a(OCoLC)1065671977 035 $a(OCoLC)995470000002519308 035 $a(EXLCZ)995470000002519308 100 $a20071213d1925 ua 0 101 0 $aeng 135 $aurcn||||||||| 181 $ctxt$2rdacontent 182 $cc$2rdamedia 183 $acr$2rdacarrier 200 10$aRequest for information on child labor amendment. December 17, 1925. -- Referred to the House Calendar and ordered to be printed 210 1$a[Washington, D.C.] :$c[U.S. Government Printing Office],$d1925. 215 $a1 online resource (1 pages) 225 1 $aHouse report / 69th Congress, 1st session. House ;$vno. 5 225 1 $a[United States congressional serial set] ;$v[serial no. 8535] 300 $aBatch processed record: Metadata reviewed, not verified. Some fields updated by batch processes. 300 $aFDLP item number not assigned. 606 $aChild labor 606 $aLegislative amendments 608 $aLegislative materials.$2lcgft 615 0$aChild labor. 615 0$aLegislative amendments. 701 $aGraham$b George Scott$f1850-1931.$pRepublican (PA)$01386798 801 0$bWYU 801 1$bWYU 801 2$bOCLCO 906 $aBOOK 912 $a9910716281403321 996 $aRequest for information on child labor amendment. December 17, 1925. -- Referred to the House Calendar and ordered to be printed$93463477 997 $aUNINA LEADER 03612nam 2200613 450 001 9910792288603321 005 20221214165723.0 010 $a0-231-53775-1 024 7 $a10.7312/newm16951 035 $a(CKB)2560000000151830 035 $a(EBL)1634835 035 $a(SSID)ssj0001133148 035 $a(PQKBManifestationID)12523666 035 $a(PQKBTitleCode)TC0001133148 035 $a(PQKBWorkID)11155888 035 $a(PQKB)10193785 035 $a(StDuBDS)EDZ0000967907 035 $a(MiAaPQ)EBC1634835 035 $a(DE-B1597)458450 035 $a(OCoLC)873136813 035 $a(OCoLC)979745622 035 $a(DE-B1597)9780231537759 035 $a(Au-PeEL)EBL1634835 035 $a(CaPaEBR)ebr10860866 035 $a(CaONFJC)MIL608956 035 $a(EXLCZ)992560000000151830 100 $a20140428h20142014 uy 0 101 0 $aeng 135 $aur|nu---|u||u 181 $ctxt 182 $cc 183 $acr 200 10$aVideo revolutions$b[electronic resource] $eon the history of a medium /$fMichael Z. Newman ; cover design by Jason Alejandro ; cover art by Hollis Brown Thornton 210 1$aNew York ;$aChichester, England :$cColumbia University Press,$d2014. 210 4$d©2014 215 $a1 online resource (159 p.) 300 $aDescription based upon print version of record. 311 0 $a0-231-16951-5 320 $aIncludes bibliographical references and index. 327 $tFront matter --$tContents --$tPreface --$tAcknowledgments --$t1. Three Phases --$t2. Video as Television --$t3. Video as Alternative --$t4. Video as the Moving Image --$t5. Medium and Cultural Status --$tNotes --$tSelect Bibliography --$tIndex 330 $aSince the days of early television, video has been an indispensable part of culture, society, and moving-image media industries. Over the decades, it has been an avant-garde artistic medium, a high-tech consumer gadget, a format for watching movies at home, a force for democracy, and the ultimate, ubiquitous means of documenting reality. In the twenty-first century, video is the name we give all kinds of moving images. We know it as an adaptable medium that bridges analog and digital, amateur and professional, broadcasting and recording, television and cinema, art and commercial culture, and old media and new digital networks. In this history, Michael Z. Newman casts video as a medium of shifting value and legitimacy in relation to other media and technologies, particularly film and television. Video has been imagined as more or less authentic or artistic than movies or television, as more or less democratic and participatory, as more or less capable of capturing the real. Techno-utopian rhetoric has repeatedly represented video as a revolutionary medium, promising to solve the problems of the past and the present-often the very problems associated with television and the society shaped by it-and to deliver a better future. Video has also been seen more negatively, particularly as a threat to movies and their culture. This study considers video as an object of these hopes and fears and builds an approach to thinking about the concept of the medium in terms of cultural status. 606 $aVideo recordings$xHistory 615 0$aVideo recordings$xHistory. 676 $a302.23/4 700 $aNewman$b Michael Z.$01152065 702 $aAlejandro$b Jason 702 $aThornton$b Hollis Brown 801 0$bMiAaPQ 801 1$bMiAaPQ 801 2$bMiAaPQ 906 $aBOOK 912 $a9910792288603321 996 $aVideo revolutions$93851832 997 $aUNINA LEADER 03798nam 2200661Ia 450 001 9910972205403321 005 20200520144314.0 010 $a1-60795-120-7 035 $a(CKB)2560000000056639 035 $a(EBL)3386905 035 $a(SSID)ssj0000483597 035 $a(PQKBManifestationID)11302791 035 $a(PQKBTitleCode)TC0000483597 035 $a(PQKBWorkID)10572626 035 $a(PQKB)10756803 035 $a(MiAaPQ)EBC3386905 035 $a(Au-PeEL)EBL3386905 035 $a(CaPaEBR)ebr10409638 035 $a(OCoLC)923337359 035 $a(BIP)35539745 035 $a(BIP)28250811 035 $a(EXLCZ)992560000000056639 100 $a20100323d2010 uy 0 101 0 $aeng 135 $aurcn||||||||| 181 $ctxt$2rdacontent 182 $cc$2rdamedia 183 $acr$2rdacarrier 200 10$aCraniofacial embryogenetics and development /$fGeoffrey H. Sperber, Steven M. Sperber, Geoffrey D. Guttmann ; with a foreword by Phillip V. Tobias 205 $a2nd ed. 210 $aShelton, CT $cPeople's Medical Pub. House USA$d2010 215 $a1 online resource ([x], 250 pages) $cillustrations (chiefly color) 300 $aRev. ed. of: Craniofacial development / Geoffrey H. Sperber. 2001. 311 0 $a1-60795-032-4 320 $aIncludes bibliographical references and index. 327 $a""Front matter ""; ""FOREWORD""; ""ACKNOWLEDGMENTS""; ""PREFACE""; ""PREFACE TO PREVIOUS EDITION""; ""CONTENTS""; ""Section I: General Embryology ""; ""1: Mechanisms of Embryology ""; ""2: Early Embryonic Development ""; ""3: Early Orofacial Development ""; ""4: Pharyngeal Arches ""; ""5: Pharyngeal Pouches and Pharyngeal Grooves ""; ""6: Bone Development and Growth ""; ""Section II: Craniofacial Development ""; ""Introduction ""; ""7: Calvaria ""; ""8: Cranial Base""; ""9: Facial Skeleton ""; ""10: Palate ""; ""11: Paranasal Sinuses ""; ""12: Mandible ""; ""13: Temporomandibular Joint "" 327 $a""14: Skull Growth: Sutures and Cephalometrics """"15: Tongue and Tonsils ""; ""16: Salivary Glands ""; ""17: Muscle Development ""; ""18: Special Sense Organs ""; ""19: Development of the Dentition (Odontogenesis)""; ""20: Craniofacial Disorders with Known Single Gene Mutations ""; ""Glossary ""; ""Index "" 330 $aRecent advances in genetics, molecular biology, diagnostic imaging and surgical techniques require a substantial understanding of prenatal development morphogenesis. The clinical significance of the normal mechanisms of embryogenesis, developmental failures and consequent craniofacial anomalies is of increasing concern to plastic and orofacial surgeons, otolaryngologists, orthodontists, neonatologists, and speech pathologists. Clinicians dealing with malformations needing comprehension of the exponential expansion of information on molecular genomics, dysgenesis, teratology and the etiology of syndromes and anomalies are served by this book's succinct contents. While providing clinicians with a basic background for treating craniofacial anomalies, this text will also appeal to teratologists, embryologists, and anatomists. 606 $aTeeth$xGrowth 606 $aHead$xGrowth 606 $aEmbryology, Human 606 $aDevelopmental genetics 615 0$aTeeth$xGrowth. 615 0$aHead$xGrowth. 615 0$aEmbryology, Human. 615 0$aDevelopmental genetics. 676 $a612.3/11 700 $aSperber$b Geoffrey H$01868824 701 $aSperber$b Steven M$060279 701 $aGuttmann$b Geoffrey D$01868825 701 $aSperber$b Geoffrey H$01868824 801 0$bMiAaPQ 801 1$bMiAaPQ 801 2$bMiAaPQ 906 $aBOOK 912 $a9910972205403321 996 $aCraniofacial embryogenetics and development$94476854 997 $aUNINA LEADER 03940oam 2200709 c 450 001 9910970940503321 005 20260302090207.0 010 $a9783657784356 010 $a3657784357 024 7 $a10.30965/9783657784356 035 $a(CKB)4920000000125973 035 $a(nllekb)BRILL9783657784356 035 $a(MiAaPQ)EBC6515287 035 $a(Au-PeEL)EBL6515287 035 $a(OCoLC)1243538860 035 $a(Brill | Scho?ningh)9783657784356 035 $a(Brill | Schöningh)9783657784356 035 $a(EXLCZ)994920000000125973 100 $a20260302d2019 uy 0 101 0 $ager 135 $aurun| uuuua 181 $ctxt$2rdacontent 182 $cn$2rdamedia 183 $2rdacarrier 200 10$aWie wollen wir sterben?$eBeiträge zur Debatte um Sterbehilfe und Sterbebegleitung$fRainer Maria Kardinal Woelki, Christian Hillgruber, Giovanni Maio, Christoph von Ritter, Manfred Spieker, Christian Hillgruber, Manfred Spieker, Giovanni Maio M.A., Rainer Maria Woelki, Christoph von Ritter, Elmar Nass, Lothar Roos, Christian Müller, Johannes Zabel OP, Lothar Roos 205 $a1st ed. 210 $aPaderborn$cBrill | Schöningh$d2019 215 $a1 online resource 225 1 $aVero?ffentlichungen der Joseph-Ho?ffner-Gesellschaft Series ;$vVolume 5 311 08$a9783506784353 311 08$a3506784358 327 $aPreliminary Material -- Einführung /$rLothar Roos -- Von der Würde des Lebens und des Sterbens /$rRainer Maria Kardinal Woelki -- Die Menschenwürde und das verfassungsrechtliche Recht auf Selbstbestimmung ? ein und dasselbe?* /$rChristian Hillgruber -- Der assistierte Suizid als ethische Resignation der Medizin /$rGiovanni Maio -- Kein Tod auf Rezept /$rChristoph von Ritter -- Suizidbeihilfe? /$rManfred Spieker -- Autoren. 330 $aWie wollen wir sterben? Noch in diesem Jahr sollen im Deutschen Bundestag Gesetzeswerke verabschiedet werden, die sich mit den rechtlichen Fragen um die »Sterbehilfe« und die Zulässigkeit eines »assistierten Suizids« befassen.Aus unterschiedlichen Blickrichtungen nähert sich der Band dieser Thematik: Rainer Maria Kardinal Woelki behandelt in seinem Beitrag die Würde des Sterbens und ein Sterben in Würde. Der Verfassungsrechtler Christian Hillgruber weist auf, warum den Staat mit Blick auf das Leben eine grundrechtliche Schutzpflicht trifft, die ein Verbot der Beihilfe zum Suizid gebietet. Der Medizinethiker Giovanni Maio zeigt auf, dass sich hinter dem Wunsch nach Suizid und Sterbehilfe letztlich ein Menschenbild verbirgt, das das Alt-, Krank- und Gebrechlichwerden als Schwundstufen des Menschseins betrachtet. Der Mediziner Christoph von Ritter geht der Frage nach, warum Ärzte nicht töten dürfen. Abschließend analysiert der Sozialethiker Manfred Spieker die vier im Deutschen Bundestag diskutierten Gesetzentwürfe zur Sterbehilfe. 410 0$aVero?ffentlichungen der Joseph-Ho?ffner-Gesellschaft ;$vVolume 5. 606 $aars moriendi 606 $aSterbebegleitung 606 $aassistierter Suizid 615 4$aars moriendi 615 4$aSterbebegleitung 615 4$aassistierter Suizid 676 $a179.7 700 $aWoelki$b Rainer Maria Kardinal$4aut$01778510 702 $aHillgruber$b Christian$4aut 702 $aMaio$b Giovanni$4aut 702 $aRitter$b Christoph von$4aut 702 $aSpieker$b Manfred$4aut 702 $aHillgruber$b Christian$4ctb 702 $aSpieker$b Manfred$4ctb 702 $aMaio M.A$b Giovanni$4ctb 702 $aWoelki$b Rainer Maria$4ctb 702 $avon Ritter$b Christoph$4ctb 702 $aNass$b Elmar$4edt 702 $aRoos$b Lothar$4edt 702 $aMüller$b Christian$4edt 702 $aZabel OP$b Johannes$4edt 801 0$bMiAaPQ 801 1$bMiAaPQ 801 2$bMiAaPQ 906 $aBOOK 912 $a9910970940503321 996 $aWie wollen wir sterben$94301408 997 $aUNINA